| 000 | 00433cam a2200145 a 4500 | ||
|---|---|---|---|
| 020 | _a0409307483 | ||
| 082 | 0 | 0 |
_a712.0994 _bHIT _cL-39,P-98 |
| 100 | 1 |
_aHitchmough, James. _945658 |
|
| 245 | 1 | 0 |
_aUrban landscape management / _cJ.D. Hitchmough. |
| 260 |
_aSydney : _bInkata Press, _cc1994. |
||
| 300 |
_axi, 594 p. : _bill. (some col.) ; _c27 cm. |
||
| 526 |
_a0 _b0 _c0 _d712_099400000000000_HIT |
||
| 650 | 0 |
_aMCE _9379 |
|
| 942 |
_2ddc _cBK |
||
| 999 |
_c549134 _d549134 |
||